| 000 | 01104namaa22003251i 4500 | ||
|---|---|---|---|
| 003 | EG-GICUC | ||
| 005 | 20260202140022.0 | ||
| 008 | 260112s1989 fr ||||gr|||| 000 0 fre d | ||
| 020 | _a2738404679 | ||
| 040 |
_aEG-GiCUC _bfre _cEG-GiCUC _dEG-GiCUC _erda |
||
| 043 |
_aff----- _ae-sp--- |
||
| 082 | 0 | 4 |
_221 _a961.022 _bL173 |
| 092 | 0 | 4 |
_221 _a961.022 _bL173 |
| 099 | _a961.022 L173 | ||
| 100 | 1 |
_aLagardère, Vincent _eAuthor. |
|
| 245 | 1 | 4 |
_aLes Almoravides jusqu'au règne de Yūsuf B. Tāšfīn (1039-1106) / _cVincent Lagardère. |
| 264 |
_aParis : _bL'Harmattan, _c1989. |
||
| 300 |
_a239 pages ; _c24 cm. |
||
| 336 |
_2rdacontent _atext |
||
| 337 |
_2rdamedia _aUnmediated |
||
| 338 |
_2rdacarrier _avolume |
||
| 490 | _aCollection "Histoire et perspectives méditerranéennes" | ||
| 504 | _aIncludes bibliographical references (pages 227-237). | ||
| 541 |
_aDr. Jabir Usfour ; _bCairo ; _cGift ; _d2024. |
||
| 650 | 1 |
_aAlmoravides. _2qrmak |
|
| 651 | 1 |
_2qrmak _aAfrica, North _xHistory _y647-1517. |
|
| 651 | 1 |
_aSpain _xHistory _y711-1516. |
|
| 905 | _aAsmaa | ||
| 942 |
_2ddc _cBK _e21 _n0 |
||
| 999 |
_c177611 _d177611 |
||